| 000 | 00372nam a2200157Ia 4500 | ||
|---|---|---|---|
| 008 | 231217s9999 xx 000 0 und d | ||
| 041 | _aEnglish | ||
| 082 | _a620.3 THO;2 | ||
| 100 | _aThomson, William T | ||
| 245 | 0 | _aTheory of vibration with applications | |
| 250 | _a3rd ed. | ||
| 260 |
_c1988 _bCBS |
||
| 300 | _avii+467 | ||
| 650 | _aVibration | ||
| 942 | _cAA | ||
| 999 |
_c160979 _d160979 |
||